Biblioteca

La revelación de Dios : (Registro nro. 68235)

Detalles MARC
000 -LÍDER
Campo fijo de descripción fija 01468nas a2200205 i 4500
001 - NÚMERO DE CONTROL
Campo de control 768714001
003 - IDENTIFICADOR DEL NÚMERO DE CONTROL
Campo de control CO-MdFUSB
005 - FECHA Y HORA DE LA ULTIMA TRANSACCIÓN
control field 20220930172044.0
008 - ELEMENTOS DE LONGITUD FIJA -- INFORMACIÓN GENERAL
Campo fijo de descripción fija -- Información general 220930s2014 ck ||||| |||| 00| 0 spa d
022 ## - NÚMERO INTERNACIONAL NORMALIZADO PARA PUBLICACIONES SERIADAS
Número Internacional Normalizado para Publicaciones Seriadas 2011-1991
040 ## - FUENTE DE CATALOGACIÓN
Idioma de catalogación spa
Agencia que realiza la transcripción CO-MdFUSB
Agencia que realiza la modificación CO-MdFUSB
041 ## - CÓDIGO DE IDIOMA
Código de idioma para texto/pista de sonido o título separado spa
100 ## - ASIENTO PRINCIPAL--NOMBRE PERSONAL
Nombre personal Cruz López, Diego Fernando,
Término relacionador autor
245 ## - TÍTULO
Título La revelación de Dios :
Subtitulo un camino de interpretación y de acción humana en el contexto de la comunidad " Pueblo de Dios"
Mención de responsabilidad / Diego Fernando Cruz López
300 ## - DESCRIPCIÓN FÍSICA
Extensión Núm 12 (2014), Páginas 11- 34
Dimensiones ; 24 cm
520 ## - NOTA DE RESUMEN, ETC.
Nota de sumario, etc. La revelación de Dios en la historia otorga centralidad al hecho histórico de Jesús de Nazaret y hace al ser humano su interprete. El Concilio Vaticano II presentó este misterio como la comunicación personal que Dios hace al ser humano en Jesucristo, para liberarlo y participarle de su relación expresada en la experiencia comunitaria que implica una praxis social y política. La experiencia de la Comunidad "Pueblo de Dios", una comunidad católica de laicos en Bogotá, será la base de nuestra reflexión sobre cómo la Espiritualidad Carismática ha interpretado esta revelación, para discernir sus aportes y compromiso transformador con el mundo de hoy.
653 ## - TÉRMINO DE INDIZACIÓN - NO CONTROLADO
Término no controlado Revelación de Dios
773 0# - ASIENTO DE ITEM FUENTE
Biblionumber 68226
Itemnumber 81333
Asiento principal Pontificia Universidad Javeriana
Otro identificador del ítem R2119
Título Reflexiones teológicas :
Número de control del registro (CO-MdFUSB)768714001
Número Internacional Normalizado para Publicaciones Seriadas (ISSN) 2011-1991
Parte(s) relacionada(s) / Volumen., número. (mes año), páginas Núm 12 (2014), Páginas 11- 34
Enumeración y primera página Páginas 11
942 ## - TIPO DE MATERIAL (KOHA)
Tipo de Item KOHA Artículos de Revista

No hay ítems disponibles.

Biblioteca FUSBC | Teléfono: (57+4) 349 88 10 Ext. 141| WhatsApp (+57) 3005338115 
E-mail: biblioteca@unisbc.edu.co | Calle 76 87-14 Robledo Palenque, Medellín, Colombia

Con tecnología Koha